|
|
|
|
| LEADER |
00000nam0a2200000 4500 |
| 001 |
275791 |
| 005 |
20231101234847.0 |
| 035 |
|
|
|a (RuTPU)RU\TPU\book\299042
|
| 090 |
|
|
|a 275791
|
| 100 |
|
|
|a 20141117d1985 km y0rusy50 ca
|
| 101 |
0 |
|
|a rus
|
| 102 |
|
|
|a KZ
|
| 105 |
|
|
|a a z 001zy
|
| 200 |
1 |
|
|a Гидрогеохимические особенности Алма-Атинской сейсмоактивной зоны
|f А. Б. Оспанов, В. А. Мизев
|g Академия наук Казахской ССР (АН КазССР), Институт сейсмологии
|
| 210 |
|
|
|a Алма-Ата
|c Наука
|d 1985
|
| 215 |
|
|
|a 128 с.
|c ил.
|
| 320 |
|
|
|a Библиогр.: с. 123-127
|
| 606 |
1 |
|
|a Сейсмическое районирование
|2 stltpush
|3 (RuTPU)RU\TPU\subj\54383
|9 72540
|
| 610 |
1 |
|
|a Алма-Ата
|
| 610 |
1 |
|
|a геологическое строение
|
| 610 |
1 |
|
|a гидрогеологические условия
|
| 610 |
1 |
|
|a наблюдения
|
| 610 |
1 |
|
|a сейсмоактивные зоны
|
| 610 |
1 |
|
|a подземные воды
|
| 610 |
1 |
|
|a газохимический состав
|
| 610 |
1 |
|
|a динамика
|
| 610 |
1 |
|
|a аномалии
|
| 610 |
1 |
|
|a предвестники землетрясений
|
| 675 |
|
|
|a 550.343.4
|v 3
|
| 700 |
|
1 |
|a Оспанов
|b А. Б.
|g Аскар Берлибаевич
|
| 701 |
|
1 |
|a Мизев
|b В. А.
|g Вячеслав Афанасьевич
|
| 712 |
0 |
2 |
|a Академия наук Казахской ССР (АН КазССР)
|b Институт сейсмологии
|c (Алма-Ата)
|2 stltpush
|3 (RuTPU)RU\TPU\col\14566
|
| 801 |
|
1 |
|a RU
|b 63413507
|c 20141117
|
| 801 |
|
2 |
|a RU
|b 63413507
|c 20170127
|g RCR
|
| 942 |
|
|
|c BK
|